Disney Movies by Minimalist Drawings - Statistics

General Stats
  • This quiz has been taken 2,482 times
    2,477 since last reset
  • The average score is 11 of 16
Answer Stats
Picture Answer % Correct
Peter Pan
90%
Snow White and the Seven Dwarfs
87%
The Little Mermaid
87%
Aladdin
82%
Alice in Wonderland
81%
Hercules
78%
Sleeping Beauty
77%
Beauty and The Beast
74%
Robin Hood
73%
Moana
70%
The Sword in the Stone
70%
Tangled
69%
The Aristocats
69%
Pocahontas
51%
The Hunchback of Notre Dame
42%
Mulan
39%
No matching quizzes found
Score Distribution
Percent of People with Each Score
Percentile by Number Answered
Your Score History
You have not taken this quiz since the last reset